[Event "DEN-ch G5-1 Gr1"]
[Site "Svendborg"]
[Date "2023.04.05"]
[Round "4"]
[White "Hansen, Jorgen Frank"]
[Black "Leimand, Hans Erik"]
[Result "1/2-1/2"]
[WhiteElo "1736"]
[BlackElo "1740"]
[PlyCount "47"]
[EventDate "2023.04.05"]
[EventType "swiss"]
[EventRounds "5"]
[EventCountry "DEN"]
[SourceTitle "CBM 213 Extra"]
[Source "ChessBase"]
[SourceDate "2023.05.31"]
[SourceVersion "1"]
[SourceVersionDate "2023.05.31"]
[SourceQuality "1"]

1. e4 e5 2. Nf3 Nc6 3. Bc4 h6 4. c3 Be7 5. b4 d6 6. Qb3 Be6 7. Bxe6 fxe6 8. Qxe6 Kf8 9. d3 Qc8 10. Qg6 Bf6 11. h4 Nce7 12. Qg3 a5 13. Bb2 axb4 14. cxb4 c5 15. b5 Qe8 16. Nc3 Ng6 17. Bc1 Qf7 18. Nd5 Nf4 19. Nxf6 Qxf6 20. Nd2 Ne7 21. Qf3 Ne6 22. Qxf6+ gxf6 23. g3 Nd4 24. 0-0 1/2-1/2

[Event "Vojens Sonderjysk EMT A"]
[Site "Vojens"]
[Date "2015.06.08"]
[Round "6"]
[White "Schack, Asbjorn Hovgaard"]
[Black "Leimand, Hans Erik"]
[Result "1/2-1/2"]
[WhiteElo "1635"]
[BlackElo "1719"]
[PlyCount "39"]
[EventDate "2015.04.27"]
[EventType "tourn"]
[EventRounds "7"]
[EventCountry "DEN"]
[SourceTitle "EXT 2023"]
[Source "ChessBase"]
[SourceDate "2022.10.05"]
[SourceVersion "1"]
[SourceVersionDate "2022.10.05"]
[SourceQuality "1"]

1. d4 d5 2. c4 e6 3. Nc3 Nf6 4. Bg5 Be7 5. Nf3 h6 6. Bh4 0-0 7. e3 b6 8. cxd5 exd5 9. Bd3 Bb7 10. 0-0 Ne4 11. Bxe7 Qxe7 12. Ne5 Nxc3 13. bxc3 Nd7 14. Nxd7 Qxd7 15. f4 f5 16. Qh5 Qf7 17. Qh3 Rae8 18. Rf3 Qf6 19. Kh1 Bc8 20. Rg3 1/2-1/2

[Event "Vojens Sonderjysk EMT A"]
[Site "Vojens"]
[Date "2015.06.01"]
[Round "5"]
[White "Leimand, Hans Erik"]
[Black "Mogensen, Claus G"]
[Result "1/2-1/2"]
[WhiteElo "1719"]
[BlackElo "1958"]
[PlyCount "72"]
[EventDate "2015.04.27"]
[EventType "tourn"]
[EventRounds "7"]
[EventCountry "DEN"]
[SourceTitle "EXT 2023"]
[Source "ChessBase"]
[SourceDate "2022.10.05"]
[SourceVersion "1"]
[SourceVersionDate "2022.10.05"]
[SourceQuality "1"]

1. d4 Nf6 2. c4 g6 3. Nc3 Bg7 4. e4 d6 5. Nf3 0-0 6. Be2 Nbd7 7. 0-0 e5 8. d5 Nc5 9. Bg5 h6 10. Bxf6 Bxf6 11. Qd2 Kh7 12. b4 Nd7 13. Rac1 a5 14. a3 b6 15. Qc2 Be7 16. Bd3 Nf6 17. Be2 Ne8 18. c5 bxc5 19. bxc5 f5 20. cxd6 Bxd6 21. Bd3 f4 22. Nb5 Bd7 23. Qc3 Qe7 24. Nxd6 cxd6 25. Rb1 Ra7 26. Rb6 g5 27. Rfb1 g4 28. Ne1 g3 29. f3 gxh2+ 30. Kh1 Qg7 31. Rb7 Rxb7 32. Rxb7 Rf7 33. Qd2 Nf6 34. Kxh2 h5 35. Bb5 h4 36. Qf2 Qg3+ 1/2-1/2

[Event "Politiken Cup 24th"]
[Site "Copenhagen"]
[Date "2002.07.24"]
[Round "9"]
[White "Mortensen, Henrik"]
[Black "Leimand, Hans Erik"]
[Result "1-0"]
[WhiteElo "2053"]
[BlackElo "1587"]
[PlyCount "97"]
[EventDate "2002.07.15"]
[EventType "swiss"]
[EventRounds "11"]
[EventCountry "DEN"]
[SourceTitle "CBM 089 Extra"]
[Source "ChessBase"]
[SourceDate "2002.09.10"]
[SourceVersion "2"]
[SourceVersionDate "2002.09.10"]
[SourceQuality "1"]

1. e4 c5 2. Nf3 d6 3. d4 cxd4 4. Nxd4 e6 5. c4 Nf6 6. Nc3 Be7 7. Be3 Nc6 8. Be2 0-0 9. 0-0 a6 10. Qd2 Nxd4 11. Bxd4 e5 12. Be3 Ng4 13. Bxg4 Bxg4 14. a4 Rc8 15. b3 Be6 16. a5 f5 17. exf5 Rxf5 18. Rfd1 Rf7 19. Nd5 Bxd5 20. Qxd5 Qd7 21. Ra2 Qc6 22. Qe6 Bf8 23. Rad2 Re8 24. Qd5 Qxd5 25. Rxd5 h6 26. Bd2 Re6 27. Bb4 Rff6 28. Bd2 Rg6 29. Be3 Rgf6 30. b4 Rf7 31. Bb6 Rf4 32. Rc1 Kh7 33. g3 Rf3 34. Be3 Rf7 35. Kg2 g5 36. Bb6 Kg6 37. b5 Kf5 38. Rb1 Kg6 39. bxa6 bxa6 40. Be3 Rc7 41. Rb6 Rxc4 42. Rxa6 Re8 43. Ra7 Kf6 44. a6 Ra4 45. Bb6 Rb4 46. Rb7 Ke6 47. Ra5 Be7 48. a7 Rxb6 49. Rxb6 1-0

[Event "Politiken Cup 24th"]
[Site "Copenhagen"]
[Date "2002.07.20"]
[Round "6"]
[White "Jorgensen, Orla Eilegaard"]
[Black "Leimand, Hans Erik"]
[Result "0-1"]
[WhiteElo "1420"]
[BlackElo "1587"]
[PlyCount "58"]
[EventDate "2002.07.15"]
[EventType "swiss"]
[EventRounds "11"]
[EventCountry "DEN"]
[SourceTitle "CBM 089 Extra"]
[Source "ChessBase"]
[SourceDate "2002.09.10"]
[SourceVersion "2"]
[SourceVersionDate "2002.09.10"]
[SourceQuality "1"]

1. Nf3 Nf6 2. d4 d5 3. c4 e6 4. Nc3 Be7 5. Bf4 a6 6. c5 0-0 7. h4 Nh5 8. Bg5 f6 9. Bd2 f5 10. Bg5 Nc6 11. e3 Nf6 12. h5 h6 13. Bf4 Bd7 14. Nh4 Be8 15. Ng6 Rf7 16. Qf3 Kh7 17. 0-0-0 b6 18. Qg3 Ra7 19. Bxa6 bxc5 20. Be2 cxd4 21. exd4 Bb4 22. Kb1 Qa8 23. a3 Bxa3 24. bxa3 Rxa3 25. Kb2 Ne4 26. Qe3 Rxc3 27. Bd3 Qa3+ 28. Kb1 Rb3+ 29. Kc2 Qb2# 0-1

[Event "Politiken Cup 24th"]
[Site "Copenhagen"]
[Date "2002.07.19"]
[Round "5"]
[White "Leimand, Hans Erik"]
[Black "Bengtsson, Ola"]
[Result "0-1"]
[WhiteElo "1587"]
[BlackElo "2075"]
[PlyCount "78"]
[EventDate "2002.07.15"]
[EventType "swiss"]
[EventRounds "11"]
[EventCountry "DEN"]
[SourceTitle "CBM 089 Extra"]
[Source "ChessBase"]
[SourceDate "2002.09.10"]
[SourceVersion "2"]
[SourceVersionDate "2002.09.10"]
[SourceQuality "1"]

1. d4 Nf6 2. c4 g6 3. Nc3 Bg7 4. e4 0-0 5. Nf3 d6 6. Be2 e5 7. d5 a5 8. 0-0 Na6 9. b3 h6 10. Qc2 Nh5 11. Ne1 Nf4 12. a3 f5 13. f3 Nxe2+ 14. Qxe2 f4 15. g4 h5 16. Qg2 hxg4 17. fxg4 g5 18. Rb1 Kf7 19. Rf3 Qd7 20. h3 Rh8 21. Be3 b6 22. Nd3 Nc5 23. Bxc5 bxc5 24. Na4 Bf6 25. Nc3 Ba6 26. a4 Kg6 27. Qf1 Rh6 28. Nd1 Rah8 29. N1f2 Bc8 30. Rb2 Rh4 31. Qg2 Qh7 32. Rc2 Bd7 33. Rb2 Kf7 34. Rc2 Ke7 35. Rb2 c6 36. Rd2 cxd5 37. cxd5 Rb8 38. Rb2 Bc8 39. Nd1 Qxe4 0-1